| 000 | 00595nam a2200181Ia 4500 | ||
|---|---|---|---|
| 008 | 100920s9999 xx 000 0 und d | ||
| 082 |
_b65967 _a891.464 थ 91 |
||
| 100 | _aअनुराधा आणि पुनर्वसु अनिरूध्द. | ||
| 245 | _aसुख रूप. | ||
| 260 |
_bमेहता पब्लिशिंग हाऊस, पुणे 30. _c1991 |
||
| 300 |
_a168 _bसाधी |
||
| 365 | _b75 | ||
| 520 | _aनिबंध. | ||
| 630 | _aसुख रूप. | ||
| 650 | _aनिबंध. | ||
| 730 | _aसुख रूप. | ||
| 942 | _cBOOK | ||
| 999 |
_c708666 _d708663 |
||